| 000 | 00913nac a22002651u 4500 | ||
|---|---|---|---|
| 003 | EG-ScBUE | ||
| 005 | 20220403103409.0 | ||
| 008 | 200219s1995 ii f 000 d eng d | ||
| 040 |
_aEG-ScBUE _beng _erda _cEG-ScBUE _dEG-ScBUE |
||
| 082 | 0 | 4 |
_a822.6 _bGOL _222 |
| 100 | 1 |
_aGoldsmith, Oliver, _d1730?-1774, _eauthor. _935109 |
|
| 245 | 1 | 0 |
_aShe stoops to conquer / _cby Oliver Goldsmith ; with introduction and notes by Robert Herring, M.A. |
| 264 | 1 |
_aCalcutta : _bRadha Publishing House, _c1995. |
|
| 300 |
_axxii, 106 pages ; _c22 cm. |
||
| 336 |
_2rdacontent _atext _btxt |
||
| 337 |
_2rdamedia _aunmediated _bn |
||
| 338 |
_2rdacarrier _avolume _bnc |
||
| 490 | 0 | _aRadha series | |
| 650 | 7 |
_aEnglish drama (Comedy) _2BUEsh |
|
| 651 | _2BUEsh | ||
| 653 |
_bHHUUEENN _cMarch2022 |
||
| 655 | 7 |
_aComedies. _vReading book |
|
| 700 | 1 |
_aHerring, Robert, _eauthor of introduction, etc. |
|
| 942 |
_cBB _k822.6 GOL _2ddc |
||
| 999 |
_c6156 _d6156 |
||